[Event "ISL-chT Kvika 2324"]
[Site "Reykjavik"]
[Date "2023.10.12"]
[Round "1.2"]
[White "Gretarsson, Hjorvar Steinn"]
[Black "Jakubiec, Artur"]
[Result "1-0"]
[WhiteElo "2522"]
[BlackElo "2442"]
[PlyCount "65"]
[EventDate "2023.10.12"]
[EventType "team-tourn"]
[EventRounds "10"]
[EventCountry "ISL"]
[SourceTitle "Mega2024 Update 01"]
[Source "Chessbase"]
[SourceDate "2023.11.12"]
[SourceVersion "1"]
[SourceVersionDate "2023.11.12"]
[SourceQuality "1"]
[WhiteTeam "Taflfelag Gardjabaejar"]
[BlackTeam "Vikingaklubburinn"]
[WhiteTeamCountry "ISL"]
[BlackTeamCountry "ISL"]

1. d4 Nf6 2. c4 g6 3. Nc3 Bg7 4. e4 0-0 5. Be3 c6 6. h3 d5 7. e5 Ne4 8. Bd3 Nxc3 9. bxc3 dxc4 10. Bxc4 b5 11. Bb3 Bb7 12. Nf3 c5 13. dxc5 Nc6 14. Bd4 e6 15. Rc1 Rc8 16. h4 Nxd4 17. cxd4 Bxf3 18. gxf3 Qa5+ 19. Kf1 Rfd8 20. h5 Bxe5 21. hxg6 hxg6 22. Rh4 Bg7 23. Rg4 Qc7 24. Qd3 Qe7 25. Qe3 Rc7 26. Re4 Qf8 27. Qf4 Rcc8 28. Rce1 Rc6 29. Qh4 Bh6 30. Kg2 Kg7 31. Rh1 Qh8 32. Qg3 g5 33. Reh4 1-0

[Event "ISL-chT Kvika 2223"]
[Site "Reykjavik"]
[Date "2023.03.19"]
[Round "10.3"]
[White "Jakubiec, Artur"]
[Black "Stefansson, Hannes"]
[Result "0-1"]
[WhiteElo "2448"]
[BlackElo "2510"]
[PlyCount "88"]
[EventDate "2022.10.13"]
[EventType "team-tourn"]
[EventRounds "10"]
[EventCountry "ISL"]
[SourceTitle "CBM 213 Extra"]
[Source "ChessBase"]
[SourceDate "2023.05.31"]
[SourceVersion "1"]
[SourceVersionDate "2023.05.31"]
[SourceQuality "1"]
[WhiteTeam "Vikingaklubburinn"]
[BlackTeam "Taflfelag Gardjabaejar"]
[WhiteTeamCountry "ISL"]
[BlackTeamCountry "ISL"]

1. e4 e5 2. Nf3 Nc6 3. Bc4 Nf6 4. d3 Bc5 5. 0-0 d6 6. c3 a5 7. Be3 Bxe3 8. fxe3 0-0 9. Nbd2 Ne7 10. d4 Ng6 11. Bd3 Re8 12. Qc2 b6 13. Rae1 Ba6 14. Bxa6 Rxa6 15. d5 Qd7 16. a4 Rc8 17. Qd3 Raa8 18. b3 c6 19. dxc6 Qxc6 20. c4 Rc7 21. Kh1 Nf8 22. Nh4 N8d7 23. Qc2 g6 24. Rf3 d5 25. exd5 Nxd5 26. Rg3 Nb4 27. Qf5 Qf6 28. Rf1 Qxf5 29. Nxf5 Nc5 30. Nh6+ Kg7 31. Ng4 Rd8 32. Nf6 Rc6 33. Nde4 Nxe4 34. Nxe4 Rd3 35. Rb1 f5 36. Nf2 Rd2 37. Kg1 e4 38. h4 Rcd6 39. h5 Nd3 40. Nh3 Ne5 41. Nf2 Rc2 42. hxg6 hxg6 43. b4 axb4 44. Nh3 Ng4 0-1

[Event "ISL-chT Kvika 2223"]
[Site "Reykjavik"]
[Date "2022.10.15"]
[Round "4.1"]
[White "Viglundsson, Bjorgvin"]
[Black "Jakubiec, Artur"]
[Result "0-1"]
[WhiteElo "2205"]
[BlackElo "2435"]
[PlyCount "78"]
[EventDate "2022.10.13"]
[EventType "team-tourn"]
[EventRounds "10"]
[EventCountry "ISL"]
[SourceTitle "CBM 213 Extra"]
[Source "ChessBase"]
[SourceDate "2023.05.31"]
[SourceVersion "1"]
[SourceVersionDate "2023.05.31"]
[SourceQuality "1"]
[WhiteTeam "Skakdeild KR"]
[BlackTeam "Vikingaklubburinn"]
[WhiteTeamCountry "ISL"]
[BlackTeamCountry "ISL"]

1. d4 d6 2. Nf3 Nf6 3. c4 g6 4. Nc3 Bg7 5. Bg5 h6 6. Bf4 Nh5 7. Be3 g5 8. g3 f5 9. d5 c5 10. Bd2 0-0 11. e3 Nf6 12. h4 g4 13. Ng1 e5 14. dxe6 Nc6 15. Nd5 Bxe6 16. Nf4 Bf7 17. Bc3 Ne5 18. Bd3 Qc8 19. Qc2 Qc6 20. Rh2 Ne4 21. Bxe5 Bxe5 22. Nge2 Rfe8 23. Nd5 b5 24. Nef4 bxc4 25. Bxc4 Rab8 26. Rb1 Bxf4 27. Nxf4 d5 28. Bb3 Qb7 29. Kf1 Red8 30. Rg2 Qb4 31. Kg1 c4 32. Ba4 d4 33. exd4 Rxd4 34. Bc6 Rd2 35. Bxe4 Rxc2 36. Bxc2 Qd2 37. f3 Qe3+ 38. Rf2 gxf3 39. Bd1 Qe1+ 0-1

[Event "ISL-chT Kvika 2223"]
[Site "Reykjavik"]
[Date "2022.10.14"]
[Round "2.2"]
[White "Jakubiec, Artur"]
[Black "Domalchuk Jonasson, Aleksandr"]
[Result "1-0"]
[WhiteElo "2435"]
[BlackElo "2300"]
[PlyCount "93"]
[EventDate "2022.10.13"]
[EventType "team-tourn"]
[EventRounds "10"]
[EventCountry "ISL"]
[SourceTitle "CBM 213 Extra"]
[Source "ChessBase"]
[SourceDate "2023.05.31"]
[SourceVersion "1"]
[SourceVersionDate "2023.05.31"]
[SourceQuality "1"]
[WhiteTeam "Vikingaklubburinn"]
[BlackTeam "Taflfelag Reykjavikur"]
[WhiteTeamCountry "ISL"]
[BlackTeamCountry "ISL"]

1. e4 e6 2. d4 d5 3. Nc3 Nf6 4. e5 Nfd7 5. f4 c5 6. Nf3 Nc6 7. Be3 a6 8. Qd2 Be7 9. dxc5 Bxc5 10. Bxc5 Nxc5 11. 0-0-0 b5 12. Nd4 Qb6 13. Nxc6 Qxc6 14. Qd4 Bb7 15. h4 h5 16. Rh3 Rc8 17. Rd2 g6 18. Be2 Qb6 19. b4 Nd7 20. a4 bxa4 21. Ne4 Qxd4 22. Nd6+ Kf8 23. Rxd4 Rc7 24. Rdd3 Bc6 25. Rc3 Ke7 26. Bxa6 d4 27. Rc4 Nb6 28. Rxd4 Bxg2 29. Rg3 Ra8 30. b5 Bh1 31. Kb2 Bd5 32. c4 Nxc4+ 33. Nxc4 Rxc4 34. Rxc4 Bxc4 35. Rc3 Bb3 36. Rc7+ Ke8 37. Ka3 Rb8 38. Bb7 Kf8 39. Bc6 Bd1 40. Kb4 Bb3 41. Ra7 Bd5 42. Kc5 Bxc6 43. bxc6 Rb1 44. Ra8+ Ke7 45. c7 Rc1+ 46. Kb6 Kd7 47. Rd8+ 1-0

[Event "Titled Tuesday intern op 03rd May Early"]
[Site "Chess.com INT"]
[Date "2022.05.03"]
[Round "11"]
[White "Jakubiec, Artur"]
[Black "Varshini, Veileven"]
[Result "1-0"]
[WhiteElo "2436"]
[BlackElo "2126"]
[PlyCount "117"]
[EventDate "2022.05.03"]
[EventType "swiss (blitz)"]
[EventRounds "11"]
[EventCountry "USA"]
[SourceTitle "CBM 208 Extra"]
[Source "ChessBase"]
[SourceDate "2022.07.31"]
[SourceVersion "1"]
[SourceVersionDate "2022.07.31"]
[SourceQuality "1"]

1. f4 d5 2. Nf3 e6 3. g3 Nf6 4. Bg2 Be7 5. 0-0 c5 6. d3 Nc6 7. Nc3 b6 8. e4 dxe4 9. dxe4 Bb7 10. e5 Qxd1 11. Rxd1 Nd7 12. Ne4 0-0-0 13. Be3 Nb4 14. Ne1 Nd5 15. Bf2 Nb8 16. c3 Kc7 17. Nc2 Kc8 18. Na3 Ba6 19. Bf1 Bxf1 20. Kxf1 Nc7 21. Nc4 Rxd1+ 22. Rxd1 Ne8 23. a4 Nc6 24. Ke2 Kc7 25. Be3 f6 26. exf6 Nxf6 27. Ng5 Nd8 28. Ne5 h6 29. Ng6 Re8 30. Nf3 Bd6 31. a5 Nb7 32. axb6+ axb6 33. Ra1 Kb8 34. Nfe5 Nd5 35. Kf3 Na5 36. Rd1 Kc7 37. Nf7 Be7 38. Bf2 Bf6 39. g4 Nc4 40. Bg3 Nxb2 41. Rb1 Nc4 42. h4 Kc6 43. g5 Nd2+ 44. Kg4 Nxb1 45. gxf6 gxf6 46. Kh5 Ne7 47. Kxh6 Nxg6 48. Kxg6 Rg8+ 49. Kxf6 Rxg3 50. Ng5 Rh3 51. Nxh3 Nxc3 52. h5 Nd5+ 53. Kxe6 Nc7+ 54. Kf7 c4 55. Nf2 c3 56. h6 c2 57. Nd3 Kd5 58. h7 Kc4 59. Nc1 1-0

[Event "CZE-chT 2122"]
[Site "Czech Republic"]
[Date "2021.10.16"]
[Round "1.4"]
[White "Vykouk, Jan"]
[Black "Jakubiec, Artur"]
[Result "0-1"]
[WhiteElo "2462"]
[BlackElo "2432"]
[PlyCount "82"]
[EventDate "2021.10.15"]
[EventType "team-tourn"]
[EventRounds "15"]
[EventCountry "CZE"]
[SourceTitle "CBM 204 Extra"]
[Source "ChessBase"]
[SourceDate "2021.11.30"]
[SourceVersion "1"]
[SourceVersionDate "2021.11.30"]
[SourceQuality "1"]
[WhiteTeam "Turnov Zikuda"]
[BlackTeam "Ostrava Labortech"]
[WhiteTeamCountry "CZE"]
[BlackTeamCountry "CZE"]

1. e4 c5 2. Nf3 Nc6 3. d4 cxd4 4. Nxd4 e5 5. Nb5 d6 6. N1c3 a6 7. Na3 Be6 8. Nc4 Rb8 9. Ne3 Nf6 10. g3 h5 11. h3 g6 12. Bg2 Bh6 13. Ncd5 Bxd5 14. exd5 Ne7 15. 0-0 Rc8 16. b3 0-0 17. a4 Nd7 18. a5 f5 19. Nc4 Bxc1 20. Qxc1 Rxc4 21. bxc4 f4 22. Ra3 Nc5 23. Qd2 Kg7 24. Kh2 g5 25. Qe2 Kh6 26. g4 Ng8 27. Be4 Nf6 28. Bf5 e4 29. f3 e3 30. h4 gxh4 31. Kh1 hxg4 32. Rxe3 Nh5 33. fxg4 fxe3 34. gxh5 Qg5 35. Bg6 Rxf1+ 36. Qxf1 Qe5 37. Qf8+ Kg5 38. Qg8 Kf4 39. Kg2 e2 40. Qf8+ Kg5 41. Qd8+ Qf6 0-1

[Event "EU-Cup 35th"]
[Site "Ulcinj"]
[Date "2019.11.16"]
[Round "7.23"]
[White "Nyysti, Sampsa"]
[Black "Jakubiec, Artur"]
[Result "1-0"]
[WhiteElo "2332"]
[BlackElo "2454"]
[PlyCount "79"]
[EventDate "2019.11.10"]
[EventType "team-swiss"]
[EventRounds "7"]
[EventCountry "MNE"]
[SourceTitle "EXT 2021"]
[Source "ChessBase"]
[SourceDate "2020.10.23"]
[SourceVersion "1"]
[SourceVersionDate "2020.10.23"]
[SourceQuality "1"]
[WhiteTeam "Ninja"]
[BlackTeam "Viking CC"]
[WhiteTeamCountry "FIN"]
[BlackTeamCountry "ISL"]

1. e4 c5 2. Nf3 Nc6 3. Bb5 d6 4. 0-0 Bd7 5. Re1 Nf6 6. c3 a6 7. Bf1 Bg4 8. d3 e6 9. Nbd2 Be7 10. h3 Bh5 11. g4 Bg6 12. Nh4 Nd7 13. Ng2 h5 14. Nf3 hxg4 15. hxg4 Nf6 16. Nfh4 Bh7 17. g5 Nd7 18. Qg4 Qb6 19. Rb1 0-0-0 20. Be3 Nce5 21. Qg3 Qc7 22. f4 Ng6 23. c4 Nxh4 24. Nxh4 d5 25. cxd5 exd5 26. Bg2 c4 27. b4 Kb8 28. Nf5 Bf8 29. Qf2 f6 30. Nd4 Re8 31. b5 Nc5 32. Nc6+ bxc6 33. bxc6+ Nb3 34. axb3 cxd3 35. Bb6 Qxc6 36. exd5 Rxe1+ 37. Rxe1 Qd6 38. Re6 Qd7 39. Ba7+ Kc8 40. Qb6 1-0

[Event "ISL-chT1 1920"]
[Site "Reykjavik"]
[Date "2019.10.06"]
[Round "5.5"]
[White "Jacobsen, Mikkel Manosri"]
[Black "Jakubiec, Artur"]
[Result "1/2-1/2"]
[WhiteElo "2342"]
[BlackElo "2452"]
[PlyCount "112"]
[EventDate "2019.10.03"]
[EventType "team-tourn"]
[EventRounds "9"]
[EventCountry "ISL"]
[SourceTitle "CBM 195 Extra"]
[Source "ChessBase"]
[SourceDate "2020.05.31"]
[SourceVersion "1"]
[SourceVersionDate "2020.05.31"]
[SourceQuality "1"]
[WhiteTeam "Taflfelag Reykjavikur"]
[BlackTeam "Vikingaklubburinn"]
[WhiteTeamCountry "ISL"]
[BlackTeamCountry "ISL"]

1. d4 f5 2. Nc3 Nf6 3. Bg5 d5 4. Bxf6 exf6 5. e3 Be6 6. a3 Nc6 7. Bb5 Qd6 8. Nge2 a6 9. Bd3 Ne7 10. h4 h5 11. Nf4 Bf7 12. Nce2 0-0-0 13. g3 Kb8 14. b3 g5 15. Ng2 Qd7 16. Qc1 Nc8 17. c3 Nd6 18. Qc2 Bh6 19. Rc1 Rhe8 20. 0-0 Rg8 21. f4 Rde8 22. Rf3 Ne4 23. Kh2 Bf8 24. a4 Bd6 25. c4 Bb4 26. Bxe4 fxe4 27. Rf2 gxh4 28. Nxh4 c6 29. c5 Rg4 30. Rg1 Reg8 31. Qd1 Ba5 32. Rgg2 Ka7 33. Qc1 f5 34. Kh1 Bd8 35. Rh2 a5 36. Qc3 Be6 37. Rf1 Qg7 38. Qe1 Kb8 39. Qf2 Bf6 40. Rg1 Bc8 41. Qe1 Bd8 42. Rh3 Qf7 43. Rg2 b6 44. Rgh2 Ba6 45. cxb6 Bxh4 46. Rxh4 Bxe2 47. Rxe2 Rxh4+ 48. gxh4 Qg6 49. Qf2 Qg4 50. Kh2 Kb7 51. Re1 Kxb6 52. Rg1 Qxg1+ 53. Qxg1 Rxg1 54. Kxg1 c5 55. Kf2 cxd4 56. exd4 Kc6 1/2-1/2

[Event "POL-chT 2nd League"]
[Site "Jastrzebia Gora"]
[Date "2019.09.11"]
[Round "5.2"]
[White "Jakubiec, Artur"]
[Black "Marszalek, Maciej"]
[Result "1/2-1/2"]
[WhiteElo "2472"]
[BlackElo "2301"]
[PlyCount "115"]
[EventDate "2019.09.07"]
[EventType "team-swiss"]
[EventRounds "9"]
[EventCountry "POL"]
[SourceTitle "EXT 2020"]
[Source "ChessBase"]
[SourceDate "2019.10.17"]
[SourceVersion "1"]
[SourceVersionDate "2019.10.17"]
[SourceQuality "1"]
[WhiteTeam "Dabrowa Gornicza Zaglebie"]
[BlackTeam "Stara Wies Parnas"]
[WhiteTeamCountry "POL"]
[BlackTeamCountry "POL"]

1. e4 e5 2. Nf3 Nc6 3. Bc4 Bc5 4. 0-0 Nf6 5. d3 d6 6. a4 a5 7. c3 h6 8. Re1 0-0 9. Nbd2 Bb6 10. Nf1 Ne7 11. Ng3 Ng6 12. Bb3 Re8 13. h3 Be6 14. d4 Bxb3 15. Qxb3 Qd7 16. Be3 exd4 17. Bxd4 Bxd4 18. cxd4 c6 19. Re3 Nf4 20. Rae1 Nh7 21. Ne2 Nxe2+ 22. R1xe2 Nf6 23. Nd2 Qc7 24. Nf1 Rab8 25. Ng3 b5 26. e5 dxe5 27. dxe5 Nd5 28. Re4 bxa4 29. Qf3 Re6 30. Nf5 Rb4 31. Rg4 Rxg4 32. Qxg4 Rg6 33. Qxa4 Qb6 34. Qe4 Qb3 35. Kh2 Qd1 36. Nd4 Ne7 37. f4 c5 38. f5 Ra6 39. Nf3 Qd7 40. e6 Qc7+ 41. g3 f6 42. Kg2 Rd6 43. g4 Rd5 44. Qa4 Kh7 45. Qe4 Qd6 46. Qe3 Rd3 47. Rd2 c4 48. Rxd3 cxd3 49. Kf2 h5 50. Qd4 Qb8 51. Ke3 Qb3 52. Nd2 Qb8 53. Ne4 Qh2 54. Qd7 Qe2+ 55. Kf4 Qh2+ 56. Ke3 Qe2+ 57. Kf4 Qh2+ 58. Ke3 1/2-1/2

[Event "ISL-chT1 1819"]
[Site "Reykjavik"]
[Date "2019.02.28"]
[Round "6.4"]
[White "Jakubiec, Artur"]
[Black "Kjartansson, David"]
[Result "1/2-1/2"]
[WhiteElo "2508"]
[BlackElo "2396"]
[PlyCount "38"]
[EventDate "2018.11.08"]
[EventType "team-tourn"]
[EventRounds "9"]
[EventCountry "ISL"]
[SourceTitle "CBM 189 Extra"]
[Source "ChessBase"]
[SourceDate "2019.06.03"]
[SourceVersion "1"]
[SourceVersionDate "2019.06.03"]
[SourceQuality "1"]
[WhiteTeam "Vikingaklubburinn"]
[BlackTeam "Skakdeild Fjolnis"]
[WhiteTeamCountry "ISL"]
[BlackTeamCountry "ISL"]

1. e4 e6 2. d3 d5 3. Nd2 Nf6 4. Ngf3 a5 5. g3 a4 6. a3 dxe4 7. dxe4 Bc5 8. Bg2 Nc6 9. 0-0 e5 10. b4 axb3 11. cxb3 Bg4 12. Qc2 Bd4 13. Rb1 0-0 14. b4 Bb6 15. Nb3 Bxf3 16. Bxf3 Nd4 17. Nxd4 Bxd4 18. a4 Qd7 19. b5 Rfc8 1/2-1/2

[Event "Bundesliga 1819"]
[Site "Germany"]
[Date "2019.02.03"]
[Round "8.4"]
[White "Moiseenko, Alexander"]
[Black "Jakubiec, Artur"]
[Result "1-0"]
[WhiteElo "2648"]
[BlackElo "2508"]
[PlyCount "57"]
[EventDate "2018.11.10"]
[EventType "team-tourn"]
[EventRounds "15"]
[EventCountry "GER"]
[SourceTitle "CBM 188 Extra"]
[Source "ChessBase"]
[SourceDate "2019.02.26"]
[SourceVersion "1"]
[SourceVersionDate "2019.02.26"]
[SourceQuality "1"]
[WhiteTeam "Hockenheim"]
[BlackTeam "Kiel Turm"]
[WhiteTeamCountry "GER"]
[BlackTeamCountry "GER"]

1. d4 Nf6 2. c4 g6 3. Nc3 Bg7 4. e4 0-0 5. Bd3 d6 6. Nge2 e5 7. d5 Nh5 8. 0-0 Nd7 9. Be3 f5 10. exf5 gxf5 11. Ng3 Nxg3 12. fxg3 e4 13. Be2 Ne5 14. Qd2 Bd7 15. Rf2 Qe8 16. Raf1 Qg6 17. Nb5 Bxb5 18. cxb5 Ng4 19. Bxg4 fxg4 20. Qc2 Rxf2 21. Rxf2 Qh5 22. Qxc7 Qxd5 23. Rd2 Qxa2 24. Qxd6 Qb1+ 25. Rd1 Qc2 26. Qe6+ Kh8 27. Rc1 Qd3 28. Rc8+ Bf8 29. Qf6+ 1-0

[Event "CZE-chT 1819"]
[Site "Czech Republic"]
[Date "2019.01.13"]
[Round "6.3"]
[White "Antoniewski, Rafal"]
[Black "Jakubiec, Artur"]
[Result "1/2-1/2"]
[WhiteElo "2521"]
[BlackElo "2508"]
[PlyCount "68"]
[EventDate "2018.11.03"]
[EventType "team-tourn"]
[EventRounds "11"]
[EventCountry "CZE"]
[SourceTitle "CBM 188 Extra"]
[Source "ChessBase"]
[SourceDate "2019.02.26"]
[SourceVersion "1"]
[SourceVersionDate "2019.02.26"]
[SourceQuality "1"]
[WhiteTeam "Frydek Mistek"]
[BlackTeam "Ostrava Labortech"]
[WhiteTeamCountry "CZE"]
[BlackTeamCountry "CZE"]

1. e4 c5 2. Nf3 Nc6 3. d4 cxd4 4. Nxd4 e5 5. Nb5 d6 6. N1c3 a6 7. Na3 b5 8. Nd5 Nge7 9. c4 Nxd5 10. cxd5 Nd4 11. Bd3 g6 12. 0-0 Bg7 13. Be3 0-0 14. Nc2 Kh8 15. Rc1 f5 16. f3 Bd7 17. Qd2 f4 18. Bf2 g5 19. Nxd4 exd4 20. Be2 Qb6 21. Rfd1 Rac8 22. Rxc8 Rxc8 23. b4 Be5 24. a3 Kg7 25. g4 h5 26. h3 Kg6 27. Kg2 Rh8 28. Bxd4 Bxd4 29. Qxd4 Qxd4 30. Rxd4 h4 31. Kf2 Rc8 32. Ke1 Rc3 33. Rd3 Rxd3 34. Bxd3 Kf6 1/2-1/2